Multiculturalismo y educación física

Guardat en:
Dades bibliogràfiques
Autors principals: Lleixà Arribas, Teresa (autora), Flecha García, Ramón (Autor), Puigvert Mallart, Lidia (Autor), Contreras Jordán, Onofre Ricardo (Autor), Torralba Jordán, Miguel Angel (Autor), Bantulà Janot, Jaume (Autor)
Format: Llibre
Idioma:espanyol
Publicat: Barcelona Paidotribo 2002
Matèries:
Etiquetes: Afegir etiqueta
Sense etiquetes, Sigues el primer a etiquetar aquest registre!

MARC

LEADER 00000nam a2200000 a 4500
001 UCL0129
003 CL-VaPUC
008 030627e20020000SP |||||||||||||||||spa|d
082 0 4 |a 370.117  |b LLE  |2 21 
100 |a Lleixà Arribas, Teresa  |e autora  |9 590475 
700 0 |a Flecha García, Ramón  |e author  |9 476856 
700 0 |a Puigvert Mallart, Lidia  |e author  |9 476857 
700 0 |a Contreras Jordán, Onofre Ricardo  |e author  |9 476858 
700 0 |a Torralba Jordán, Miguel Angel  |e author  |9 476859 
700 0 |a Bantulà Janot, Jaume  |e author  |9 476860 
245 1 0 |a Multiculturalismo y educación física 
300 |a 186 p 
942 |c BK 
945 |d 20030627 00:00:00  |a cmena 
260 |a Barcelona  |b Paidotribo  |c 2002 
650 0 |a Educación multicultural  |9 468257 
650 0 |a Racismo  |9 255805 
650 0 |a Métodos de enseñanza  |9 270413 
650 0 |a Educación física  |9 240893 
650 0 |a Planificación del currículo  |9 269599 
583 |a last modification  |c 20030627 00:00:00  |k Rodrigo Vera 
999 |c 304151  |d 304149 
952 |0 0  |1 0  |4 0  |6 370_117000000000000_LLE_2002  |7 0  |8 A  |9 366030  |a BIBEDU  |b BIBEDU  |d 2019-11-21  |i 3867404  |o 370.117 LLE 2002  |p 3867404  |r 2019-11-21  |w 2019-11-21  |y BK  |k EFI 
952 |0 0  |1 0  |4 0  |6 370_117000000000000_LLE_2002  |7 0  |8 A  |9 366031  |a BIBEDU  |b BIBEDU  |d 2019-11-21  |i 3867390  |o 370.117 LLE 2002  |p 3867390  |r 2019-11-21  |w 2019-11-21  |y BK  |k EFI